000 00682cam a22002293a 4500
001 24932
003 PGUSA
005 20140828083533.0
008 080328s2008||||xxu|||||s|||||000 | eng d
040 _aPGUSA
_beng
042 _adc
050 4 _aF1001
100 1 _aGrant, W. L.
_q(William Lawson),
_d1872-1935
245 1 4 _aThe Tribune of Nova Scotia :
_bA Chronicle of Joseph Howe
_h[electronic resource] /
_cW. L. Grant
260 _bProject Gutenberg,
_c2008
506 _aPublic domain in the USA.
516 _aElectronic text
653 _aHowe, Joseph, 1804-1873
830 0 _aProject Gutenberg
_v24932
856 4 0 _uhttp://www.gutenberg.org/ebooks/24932
942 _cEB
999 _c254187
_d254187